Věcné pořádání informací a selekční jazyky předmětové pořádání

Gespeichert in:
Bibliographische Detailangaben
1. Verfasser: Kovář, Blahoslav
Format: Buch
Sprache:Tschechisch
Veröffentlicht: Praha Ústředí vědeckých, technických a ekonomických informací 1982
Schriftenreihe:Učební texty 17
Tags: Tag hinzufügen
Keine Tags, Fügen Sie das erste Tag hinzu!

MARC

LEADER 00000nam a2200000 4500
001 c119057
005 20190620104510.6
041 0 |a cze 
044 |a CZ 
245 1 0 |a Věcné pořádání informací a selekční jazyky  |b předmětové pořádání  |c Blahoslav Kovář 
264 1 |a Praha  |b Ústředí vědeckých, technických a ekonomických informací  |c 1982 
300 |a 138 s. 
490 1 |a Učební texty  |v 17 
830 0 |a Učební texty  |v 17 
100 1 |a Kovář, Blahoslav